The Puzzle club : (Record no. 112008)
[ view plain ]
| 000 -LEADER | |
|---|---|
| fixed length control field | 00298nam a2200121 a 4500 |
| 001 - CONTROL NUMBER | |
| control field | 4144 |
| 005 - DATE AND TIME OF LATEST TRANSACTION | |
| control field | 20140414131926.0 |
| 008 - FIXED-LENGTH DATA ELEMENTS--GENERAL INFORMATION | |
| fixed length control field | 090317s19uu xx 00 eng d |
| 050 ## - LIBRARY OF CONGRESS CALL NUMBER | |
| Classification number | ER |
| Item number | P96 1997 |
| 100 ## - MAIN ENTRY--PERSONAL NAME | |
| Personal name | Mackall, Dandi Daley |
| 245 ## - TITLE STATEMENT | |
| Title | The Puzzle club : |
| Remainder of title | christmas mystery. |
| Withdrawn status | Lost status | Damaged status | Home library | Current library | Shelving location | Date acquired | Total Checkouts | Full call number | Barcode | Date last seen | Price effective from | Koha item type |
|---|---|---|---|---|---|---|---|---|---|---|---|---|
| Munich Library | Munich Library | Easy Reading Section | 03/17/2009 | ER P96 1997 | M3005 | 04/14/2014 | 04/14/2014 | Books |